000 00865nam a2200217 a 4500
003 0
005 20250429141534.0
008 970114s19uu xx 00 eng d
050 _aPGS LB 1060
_b.Aq657 2003
100 _aAquino, Maverick Shawn B.
245 _aThe effects of eating breakfast on the academic performance of grade five students of Southville International School /
_cMaverick Shawn B. Aquino.
260 _aLas PiƱas City, Philippines :
_bSouthville International School and Colleges,
_c2003.
300 _a35 pages :
_bcolored illustrations ;
_c28 cm.
504 _aIncludes bibliographical references.
650 _aBreakfasts
_vHealth aspects.
650 _aSchool children
_vNutrition.
650 _aAcademic achievement
_vHealth aspects.
650 _aNutrition and academic performance.
650 _aEating habits.
942 _2lcc
_cPASS
999 _c96831
_d96831